<?xml version="1.0" encoding="UTF-8"?>
<record
    xmlns:xsi="http://www.w3.org/2001/XMLSchema-instance"
    xsi:schemaLocation="http://www.loc.gov/MARC21/slim http://www.loc.gov/standards/marcxml/schema/MARC21slim.xsd"
    xmlns="http://www.loc.gov/MARC21/slim">

  <leader>00965cam a22003011a 4500</leader>
  <datafield tag="999" ind1=" " ind2=" ">
    <subfield code="c">7268</subfield>
    <subfield code="d">7268</subfield>
  </datafield>
  <controlfield tag="001">3684469</controlfield>
  <controlfield tag="003">OCoLC</controlfield>
  <controlfield tag="005">20190328175410.0</controlfield>
  <controlfield tag="008">780302m19621966miu           000 0 eng  </controlfield>
  <datafield tag="010" ind1=" " ind2=" ">
    <subfield code="a">   63001760</subfield>
  </datafield>
  <datafield tag="035" ind1=" " ind2=" ">
    <subfield code="a">(OCoLC)3684469</subfield>
  </datafield>
  <datafield tag="040" ind1=" " ind2=" ">
    <subfield code="a">DLC</subfield>
    <subfield code="b">eng</subfield>
    <subfield code="c">TXS</subfield>
    <subfield code="d">DLC</subfield>
    <subfield code="d">OCLCQ</subfield>
    <subfield code="d">BTCTA</subfield>
    <subfield code="d">OCLCG</subfield>
    <subfield code="d">OCLCA</subfield>
    <subfield code="d">OCLCQ</subfield>
    <subfield code="d">OCLCO</subfield>
    <subfield code="d">OCLCF</subfield>
    <subfield code="d">OCLCO</subfield>
    <subfield code="d">CIRBC</subfield>
  </datafield>
  <datafield tag="050" ind1="0" ind2="0">
    <subfield code="a">BS2825.4</subfield>
    <subfield code="b">.C7</subfield>
  </datafield>
  <datafield tag="082" ind1="0" ind2=" ">
    <subfield code="a">REF 228</subfield>
    <subfield code="b">C933E</subfield>
  </datafield>
  <datafield tag="092" ind1="0" ind2=" ">
    <subfield code="a">228.06</subfield>
    <subfield code="b">C933e</subfield>
  </datafield>
  <datafield tag="100" ind1="1" ind2=" ">
    <subfield code="a">Criswell, W. A.</subfield>
    <subfield code="q">(Wallie A.),</subfield>
    <subfield code="d">1909-2002.</subfield>
  </datafield>
  <datafield tag="245" ind1="1" ind2="0">
    <subfield code="a">Expository sermons on Revelation /</subfield>
    <subfield code="c">by W.A. Criswell.</subfield>
  </datafield>
  <datafield tag="260" ind1=" " ind2=" ">
    <subfield code="a">Grand Rapids :</subfield>
    <subfield code="b">Zondervan,</subfield>
    <subfield code="c">&#xA9;1962-&#xA9;1966.</subfield>
  </datafield>
  <datafield tag="300" ind1=" " ind2=" ">
    <subfield code="a">5 volumes ;</subfield>
    <subfield code="c">21 cm</subfield>
  </datafield>
  <datafield tag="336" ind1=" " ind2=" ">
    <subfield code="a">text</subfield>
    <subfield code="b">txt</subfield>
    <subfield code="2">rdacontent</subfield>
  </datafield>
  <datafield tag="337" ind1=" " ind2=" ">
    <subfield code="a">unmediated</subfield>
    <subfield code="b">n</subfield>
    <subfield code="2">rdamedia</subfield>
  </datafield>
  <datafield tag="338" ind1=" " ind2=" ">
    <subfield code="a">volume</subfield>
    <subfield code="b">nc</subfield>
    <subfield code="2">rdacarrier</subfield>
  </datafield>
  <datafield tag="630" ind1="0" ind2="0">
    <subfield code="a">Bible.</subfield>
    <subfield code="p">Revelation</subfield>
    <subfield code="v">Sermons.</subfield>
  </datafield>
  <datafield tag="650" ind1=" " ind2="0">
    <subfield code="a">Baptists</subfield>
    <subfield code="v">Sermons.</subfield>
  </datafield>
  <datafield tag="650" ind1=" " ind2="0">
    <subfield code="a">Sermons, American</subfield>
    <subfield code="y">20th century.</subfield>
  </datafield>
  <datafield tag="655" ind1=" " ind2="7">
    <subfield code="a">Sermons.</subfield>
    <subfield code="2">fast</subfield>
    <subfield code="0">(OCoLC)fst01423904</subfield>
  </datafield>
  <datafield tag="942" ind1=" " ind2=" ">
    <subfield code="2">ddc</subfield>
    <subfield code="c">REF</subfield>
  </datafield>
  <datafield tag="952" ind1=" " ind2=" ">
    <subfield code="0">0</subfield>
    <subfield code="1">0</subfield>
    <subfield code="2">ddc</subfield>
    <subfield code="4">0</subfield>
    <subfield code="7">1</subfield>
    <subfield code="8">REF</subfield>
    <subfield code="a">HMC</subfield>
    <subfield code="b">HMC</subfield>
    <subfield code="c">REF</subfield>
    <subfield code="d">2019-02-05</subfield>
    <subfield code="g">3650.00</subfield>
    <subfield code="h">Rev:1:1-19; 2 and 3 ; 4-10 ; 11-17 ; 18-22 / 5 Vol.</subfield>
    <subfield code="l">0</subfield>
    <subfield code="o">REF 228 C933E</subfield>
    <subfield code="p">008227</subfield>
    <subfield code="r">2019-02-05 00:00:00</subfield>
    <subfield code="w">2019-02-05</subfield>
    <subfield code="y">REF</subfield>
  </datafield>
  <datafield tag="952" ind1=" " ind2=" ">
    <subfield code="0">0</subfield>
    <subfield code="1">0</subfield>
    <subfield code="2">ddc</subfield>
    <subfield code="4">0</subfield>
    <subfield code="7">1</subfield>
    <subfield code="8">REF</subfield>
    <subfield code="a">HMC</subfield>
    <subfield code="b">HMC</subfield>
    <subfield code="c">REF</subfield>
    <subfield code="d">2019-02-05</subfield>
    <subfield code="g">3650.00</subfield>
    <subfield code="h">Rev:1:1-19; 2 and 3 ; 4-10 ; 11-17 ; 18-22 / 5 Vol.</subfield>
    <subfield code="l">0</subfield>
    <subfield code="o">REF 228 C933E</subfield>
    <subfield code="p">008223</subfield>
    <subfield code="r">2019-03-28 00:00:00</subfield>
    <subfield code="w">2019-02-05</subfield>
    <subfield code="y">REF</subfield>
  </datafield>
  <datafield tag="952" ind1=" " ind2=" ">
    <subfield code="0">0</subfield>
    <subfield code="1">0</subfield>
    <subfield code="2">ddc</subfield>
    <subfield code="4">0</subfield>
    <subfield code="7">1</subfield>
    <subfield code="8">REF</subfield>
    <subfield code="a">HMC</subfield>
    <subfield code="b">HMC</subfield>
    <subfield code="c">REF</subfield>
    <subfield code="d">2019-02-05</subfield>
    <subfield code="g">3650.00</subfield>
    <subfield code="h">Rev:1:1-19; 2 and 3 ; 4-10 ; 11-17 ; 18-22 / 5 Vol.</subfield>
    <subfield code="l">0</subfield>
    <subfield code="o">REF 228 C933E</subfield>
    <subfield code="p">008224</subfield>
    <subfield code="r">2019-03-28 00:00:00</subfield>
    <subfield code="w">2019-02-05</subfield>
    <subfield code="y">REF</subfield>
  </datafield>
  <datafield tag="952" ind1=" " ind2=" ">
    <subfield code="0">0</subfield>
    <subfield code="1">0</subfield>
    <subfield code="2">ddc</subfield>
    <subfield code="4">0</subfield>
    <subfield code="7">1</subfield>
    <subfield code="8">REF</subfield>
    <subfield code="a">HMC</subfield>
    <subfield code="b">HMC</subfield>
    <subfield code="c">REF</subfield>
    <subfield code="d">2019-02-05</subfield>
    <subfield code="g">3650.00</subfield>
    <subfield code="h">Rev:1:1-19; 2 and 3 ; 4-10 ; 11-17 ; 18-22 / 5 Vol.</subfield>
    <subfield code="l">0</subfield>
    <subfield code="o">REF 228 C933E</subfield>
    <subfield code="p">008225</subfield>
    <subfield code="r">2019-03-28 00:00:00</subfield>
    <subfield code="w">2019-02-05</subfield>
    <subfield code="y">REF</subfield>
  </datafield>
  <datafield tag="952" ind1=" " ind2=" ">
    <subfield code="0">0</subfield>
    <subfield code="1">0</subfield>
    <subfield code="2">ddc</subfield>
    <subfield code="4">0</subfield>
    <subfield code="7">1</subfield>
    <subfield code="8">REF</subfield>
    <subfield code="a">HMC</subfield>
    <subfield code="b">HMC</subfield>
    <subfield code="c">REF</subfield>
    <subfield code="d">2019-02-05</subfield>
    <subfield code="g">3650.00</subfield>
    <subfield code="h">Rev:1:1-19; 2 and 3 ; 4-10 ; 11-17 ; 18-22 / 5 Vol.</subfield>
    <subfield code="l">0</subfield>
    <subfield code="o">REF 228 C933E</subfield>
    <subfield code="p">008226</subfield>
    <subfield code="r">2019-03-28 00:00:00</subfield>
    <subfield code="w">2019-02-05</subfield>
    <subfield code="y">REF</subfield>
  </datafield>
</record>
